000 00502cam a22001451 4500
082 0 0 _a923.173
_aLIN
100 1 _aAngle, Paul M.
_950644
245 1 4 _aThe Lincoln reader,
_cedited, with an introduction, by Paul M. Angle.
260 _aNew Brunswick,
_bRutgers University Press,
_c1947.
300 _axii, 564 p.
_bplates, ports., facsims.
_c23 cm.
500 _a"A biography written by sixty-five authors."--Foreword.
526 _a0
_b0
_c0
_d923_173000000000000
650 _aMCE
_9379
942 _2ddc
_cBK
999 _c553403
_d553403